Luật học

Zapisane w:
Opis bibliograficzny
Format: Książka
Język:Undetermined
Wydane: Hà Nội Trường Đại học Luật Hà Nội
Hasła przedmiotowe:
Etykiety: Dodaj etykietę
Nie ma etykietki, Dołącz pierwszą etykiete!
Thư viện lưu trữ: Trung tâm Học liệu Trường Đại học Cần Thơ
LEADER 00468nam a2200157Ia 4500
001 CTU_229285
008 210402s9999 xx 000 0 und d
082 |a 340 
082 |b L504 
245 0 |a Luật học 
245 0 |c Trường Đại học Luật Hà Nội 
260 |a Hà Nội 
260 |b Trường Đại học Luật Hà Nội 
650 |a Laws,Luật 
904 |i T.Trang 
980 |a Trung tâm Học liệu Trường Đại học Cần Thơ